000 00653nam a2200217 a 4500
001 60969
003 BD-RjUL
005 20211209080916.0
008 170104s1961 nyua 000 0 eng
035 _a(BD-RjUL)61093
040 _aDLC/ICU
_cICU
_dBD-RjUL
_beng
041 _aeng
082 0 0 _a658.3152
_223
_bLIN 1961
100 1 _aLincoln, James Finney,
_d1883-
_9181814
245 1 2 _aA new approach to industrial economics /
_cJames Finney Lincoln
260 _aNew York :
_bDevin-Adair,
_c1961.
300 _a166 p.
_bill. ;
_c21 cm.
650 0 _aIndustrial management.
_2Lincoln Electric Company.
_9171014
942 _2ddc
_cBK
999 _c60969
_d60969